000 00332nam a2200133Ia 4500
008 151213s9999 xx 000 0 und d
100 _aMark Twain
245 _aThe Adventures of Tom Sawyer
_cMark Twain
260 _aNew Yeork
_bMc Graw Hill
_c1989
300 _a2047 p.
650 _aEnglish
700 _aMark Twain
999 _c1502
_d1502